Teoría y problemas de circuitos eléctricos
Salvato in:
| Autore principale: | |
|---|---|
| Natura: | Libro |
| Lingua: | spagnolo |
| Pubblicazione: |
Ciudad de México
McGraw-Hill
1970
|
| Serie: | Serie de Compendios Schaum
|
| Soggetti: | |
| Tags: |
Aggiungi Tag
Nessun Tag, puoi essere il primo ad aggiungerne!!
|
MARC
| LEADER | 00000nam a2200000 a 4500 | ||
|---|---|---|---|
| 001 | UCV4477 | ||
| 003 | CL-VaPUC | ||
| 008 | 930810e19700000MX |||||||||||||||||spa|d | ||
| 082 | 0 | 4 | |a 621.3192 |b EDM |2 21 |
| 100 | 0 | |a Edminister, Joseph A |e author |9 298722 | |
| 245 | 1 | 0 | |a Teoría y problemas de circuitos eléctricos |
| 300 | |a 289 p | ||
| 942 | |c BK | ||
| 945 | |d 19930810 00:00:00 | ||
| 260 | |a Ciudad de México |b McGraw-Hill |c 1970 | ||
| 650 | 0 | |a Circuitos eléctricos |9 260262 | |
| 650 | 0 | |a Problemas, ejercicios, etc |9 259377 | |
| 583 | |a last modification |c 19930810 00:00:00 |k Rodrigo Vera | ||
| 490 | 0 | |a Serie de Compendios Schaum | |
| 999 | |c 211283 |d 211281 | ||
| 952 | |0 0 |1 0 |2 ddc |4 0 |6 621_319200000000000_EDM_1970 |7 0 |8 A |9 190047 |a BIBMEC |b BIBMEC |d 2019-11-14 |i 1327283 |o 621.3192 EDM 1970 |p 1327283 |r 2024-01-19 |w 2019-11-14 |y BK_P |k MEC | ||